| 000 | 00569nam a2200157Ia 4500 | ||
|---|---|---|---|
| 008 | 210430s9999 xx 000 0 und d | ||
| 020 | _a9788126518296 | ||
| 082 | _a660.2842 F762P | ||
| 100 |
_a Alan S. Foust, Leonard A. Wenzel, Curtis W. Clump, Louis Maus, L. Bryce Andersen _9127032 |
||
| 245 |
_aPrinciples of unit operations 2nd edition / _cAlan S. Foust |
||
| 250 | _a2nd edition | ||
| 260 |
_a[S.l.] : _bKrieger Publishing Company, _c2004 |
||
| 300 | _a768 p. | ||
| 856 | _uhttp://www.amazon.com/exec/obidos/ASIN/0894644661/chopaconline-20 | ||
| 942 |
_cBK _2ddc |
||
| 999 |
_c564127 _d564127 |
||